LEADER 00878nam0-22002891i-450 001 990001785600403321 005 20190415101805.0 035 $a000178560 035 $aFED01000178560 035 $a(Aleph)000178560FED01 035 $a000178560 100 $a20030910d1990----km-y0itay50------ba 101 0 $aspa 200 1 $aAtlas fitoclimatico de España$etaxonomias$fJosé Luis Allue Andrade 210 $aMadrid$cMinisterio de Agricultura Pesca y Alimentacion$d1990 215 $a221 p.$c10 c.$d30 cm 225 1 $aColeccion monografias INIA$v69 610 0 $aClimatologia 676 $a630.251 6 700 1$aAllue Andrade,$bJosé Luis$0356716 801 0$aIT$bUNINA$gRICA$2UNIMARC 901 $aBK 912 $a990001785600403321 952 $a60 630.251 6 ALLJ 1990$b4808$fFAGBC 959 $aFAGBC 996 $aAtlas fitoclimatico de España$9408236 997 $aUNINA LEADER 01139nam 2200385 450 001 9910490741203321 005 20221018082918.0 010 $a1-83962-158-3 035 $a(CKB)4100000011987808 035 $a(NjHacI)994100000011987808 035 $a(EXLCZ)994100000011987808 100 $a20221018d2021 uy 0 101 0 $aeng 135 $aur||||||||||| 181 $ctxt$2rdacontent 182 $cc$2rdamedia 183 $acr$2rdacarrier 200 00$aDam engineering $erecent advances in design and analysis /$fedited by Zhongzhi Fu and Erich Bauer 210 1$aLondon, England :$cIntechOpen,$d[2021] 210 4$d©2021 215 $a1 online resource (204 pages) $cillustrations 311 $a1-83962-157-5 320 $aIncludes bibliographical references. 517 $aDam engineering 606 $aDams$xDesign and construction 615 0$aDams$xDesign and construction. 676 $a627.8 702 $aFu$b Zhongzhi 702 $aBauer$b Erich 801 0$bNjHacI 801 1$bNjHacl 906 $aBOOK 912 $a9910490741203321 996 $aDam Engineering$91982185 997 $aUNINA LEADER 02819nam 22004453 450 001 9910915665603321 005 20240112080220.0 010 $a9789815179903 010 $a981517990X 035 $a(CKB)29526954500041 035 $a(MiAaPQ)EBC31060390 035 $a(Au-PeEL)EBL31060390 035 $a(Exl-AI)31060390 035 $a(EXLCZ)9929526954500041 100 $a20240112d2023 uy 0 101 0 $aeng 135 $aur||||||||||| 181 $ctxt$2rdacontent 182 $cc$2rdamedia 183 $acr$2rdacarrier 200 10$aHandbook of Laparoscopy Instruments 205 $a1st ed. 210 1$aSharjah :$cBentham Science Publishers,$d2023. 210 4$d©2023. 215 $a1 online resource (121 pages) 311 08$a9789815179910 327 $aCover -- Title -- Copyright -- End User License Agreement -- Contents -- Foreword -- Preface -- List of Contributors -- Ergonomics in Laparoscopy -- Meenakshi Yeola (Pate)1,* and Sushanth R. Nayak1 -- INTRODUCTION -- What is Ergonomics? -- Ergonomics Significance -- The Hawthorne Effect -- Lack of Tactile Sensation -- The Reduced Degree of Freedom of Movement -- Decoupling of the Visual (Monitor) & Motor axis -- Assuming A Relatively Stable Posture -- More Crowd -- Dim-lit Room -- Drawbacks for The Surgeon -- Setbacks to The Patient -- Ideal Position -- Reasons Hindering An Ideal Position -- Operative Table Height -- Monitor Location -- Manipulation Angles for Instrumentation -- Triangulation -- Sectorisation -- EQUIPMENT RELATED CHALLENGES$7Generated by AI. 330 $aHandbook of Laparoscopy Instruments covers the essential components of laparoscopic instruments and technology. It presents accessible information covering key topics on the subject: Ø Basic and specialized laparoscopic instruments Ø Image production Ø Pneumoperitoneum maintenance Ø Ergonomics Ø Sterilization procedures Ø Optical devices Ø Operation theatre layout and setup Ø Operative hand instruments Ø Robotic Surgery This book is an indispensable resource recommended for students and surgical residents who need an understanding of instruments and procedures in laparoscopic surgery. It is also intended to help medical professionals who want to start laparoscopy units in their clinics. 606 $aLaparoscopic surgery$7Generated by AI 606 $aSurgical instruments and apparatus$7Generated by AI 615 0$aLaparoscopic surgery. 615 0$aSurgical instruments and apparatus. 700 $aRamrao$b Lamture Yeshwant$01778596 801 0$bMiAaPQ 801 1$bMiAaPQ 801 2$bMiAaPQ 906 $aBOOK 912 $a9910915665603321 996 $aHandbook of Laparoscopy Instruments$94301489 997 $aUNINA